Engineering mathematics (Record no. 4707)

MARC details
000 -LEADER
fixed length control field 00544 a2200181 4500
010 ## - LCCN (DPL NO)
LC control number ENG-86535
020 ## - INTERNATIONAL STANDARD BOOK NUMBER
International Standard Book Number 8120328981
Terms of availability 295.00
035 ## - SYSTEM CONTROL NUMBER
System control number EN-70068
037 ## - SOURCE OF ACQUISITION
Source of stock number/acquisition DBAD / PUB
082 14 - DEWEY DECIMAL CLASSIFICATION NUMBER
Classification number 620.00151
100 1# - MAIN ENTRY--PERSONAL NAME
Personal name Gangadharan, A.
245 1# - TITLE STATEMENT
Title Engineering mathematics
Statement of responsibility, etc by A. Gangadharan
260 ## - PUBLICATION, DISTRIBUTION, ETC. (IMPRINT)
Place of publication, distribution, etc New Delhi
Name of publisher, distributor, etc Prentice Hall of India
Date of publication, distribution, etc 2006
270 ## - ADDRESS
Address M-97, Connaught Circus
City New Delhi
Postal code 110 001
300 ## - PHYSICAL DESCRIPTION
Extent V.1 (xii, 528 p.)
Dimensions 24cm (Pbk)
500 ## - GENERAL NOTE
General note includes index
942 ## - ADDED ENTRY ELEMENTS (KOHA)
Institution code [OBSOLETE] dpl
Item type English Books
Source of classification or shelving scheme Dewey Decimal Classification
Classification part 620.00151
Call number suffix GAN
Holdings
Withdrawn status Lost status Not for loan Collection code Home library Current library Source of acquisition Cost, normal purchase price Full call number Barcode Copy number Cost, replacement price Koha item type
    Not For Loan Non-fiction D.B.Act.Division D.B.Act.Division DBAD/PUB 295.00 620.00151 GAN EN-70068 1 295.00 English Books

© Delhi Public Library
Hit Counter
free hit counter